000 00830nam a2200253 a 4500
008
020 _a0201568853 (cased)
049 _aMAIN
090 _aQA76.7
_bWIL
100 1 _aWilson, Leslie B.
245 1 0 _aComparative programming languages /
_cLeslie B. Wilson, Robert G. Clark ; illustrated by Chartwell Illustrators.
260 _aWokingham :
_bAddison-Wesley,
_cc1993.
300 _axii, 368 p. ;
_c25 cm.
440 0 _aInternational computer science series.
504 _aIncludes bibliographical references.
500 _aIncludes index.
650 0 _aProgramming languages (Electronic computers).
700 1 _aClark, Robert G.
907 _a.b10102371
_b09-05-11
_c09-12-03
003
005 20230123133540.0
040 _cNUST
942 _cBOOKS
_kQA76.7
_mWIL
999 _c150535
_d150535